Our Posthuman Future : (Record no. 6815)

MARC details
000 -LEADER
fixed length control field 01474cam a22003974a 4500
001 - CONTROL NUMBER
control field 1158706
003 - CONTROL NUMBER IDENTIFIER
control field OSt
005 - DATE AND TIME OF LATEST TRANSACTION
control field 20251011105711.0
008 - FIXED-LENGTH DATA ELEMENTS--GENERAL INFORMATION
fixed length control field 020118s2002 nyua b 000 0 eng
010 ## - LIBRARY OF CONGRESS CONTROL NUMBER
LC control number 2002100914
020 ## - INTERNATIONAL STANDARD BOOK NUMBER
International Standard Book Number 9780374236434
020 ## - INTERNATIONAL STANDARD BOOK NUMBER
International Standard Book Number 0374236437
035 ## - SYSTEM CONTROL NUMBER
System control number (OCoLC)49502279
040 ## - CATALOGING SOURCE
Original cataloging agency DLC
Transcribing agency DDC
Modifying agency IMP
-- DBI
-- VVC
041 0# - LANGUAGE CODE
Language code of text/sound track or separate title eng
042 ## - AUTHENTICATION CODE
Authentication code pcc
-- nlmcopyc
050 00 - LIBRARY OF CONGRESS CALL NUMBER
Classification number TP248.23
Item number .F85 2002
060 00 - NATIONAL LIBRARY OF MEDICINE CALL NUMBER
Classification number TP 248.23
Item number F961o 2002
082 00 - DEWEY DECIMAL CLASSIFICATION NUMBER
Classification number 660.6 FUK 2003.
100 1# - MAIN ENTRY--PERSONAL NAME
Personal name Fukuyama, Francis.
9 (RLIN) 13962
245 10 - TITLE STATEMENT
Title Our Posthuman Future :
Remainder of title consequences of the biotechnology revolution
250 ## - EDITION STATEMENT
Edition statement 2st ed.
260 ## - PUBLICATION, DISTRIBUTION, ETC. (IMPRINT)
Place of publication, distribution, etc. London;
Name of publisher, distributor, etc. Farrar, Straus and Giroux,
Date of publication, distribution, etc. 2003.
300 ## - PHYSICAL DESCRIPTION
Extent xiii, 256 p. :
Other physical details ill. ;
Dimensions 24 cm.
336 ## - CONTENT TYPE
Content type term text
Content type code txt
Source rdacontent
337 ## - MEDIA TYPE
Media type term unmediated
Media type code n
Source rdamedia
338 ## - CARRIER TYPE
Carrier type term volume
Carrier type code nc
Source rdacarrier
504 ## - BIBLIOGRAPHY, ETC. NOTE
Bibliography, etc Includes bibliographical references (p. 243-256).
505 0# - FORMATTED CONTENTS NOTE
Formatted contents note A tale of two dystopias -- Sciences of the brain -- Neuropharmacology and the control of behavior -- The prolongation of life -- Genetic engineering -- Why we should worry -- Human rights -- Human nature -- Human dignity -- The political control of biotechnology -- How biotechnology is regulated today -- Policies for the future.
650 12 - SUBJECT ADDED ENTRY--TOPICAL TERM
Topical term or geographic name as entry element Biotechnology
9 (RLIN) 13963
650 22 - SUBJECT ADDED ENTRY--TOPICAL TERM
Topical term or geographic name as entry element Genetic Engineering
9 (RLIN) 13964
942 ## - ADDED ENTRY ELEMENTS (KOHA)
Source of classification or shelving scheme Dewey Decimal Classification
Koha item type Open Shelf
947 ## - LOCAL PROCESSING INFORMATION (OCLC)
a CI96
998 ## - LOCAL CONTROL INFORMATION (RLIN)
Operator's initials, OID (RLIN) 20030203
Holdings
Withdrawn status Lost status Source of classification or shelving scheme Damaged status Not for loan Home library Current library Date acquired Source of acquisition Inventory number Total Checkouts Full call number Barcode Date last seen Price effective from Koha item type
    Dewey Decimal Classification     MUST Main Library MUST Main Library 11/03/2021 donation 04/22058   660.6FUK 2003. 2021-0262 11/03/2021 11/03/2021 Open Shelf